Bài tập cơ học lượng tử

Đã lưu trong:
書目詳細資料
主要作者: Hoàng Dũng
格式: 圖書
語言:Vietnamese
出版: Tp.Hồ Chí Minh Đại học Quốc gia Tp. Hồ Chí Minh 2002
主題:
標簽: 添加標簽
沒有標簽, 成為第一個標記此記錄!
Thư viện lưu trữ: Mạng thư viện Đại học Đà Nẵng
LEADER 01017nam a2200313 4500
001 000008286
003 4472
005 20120312140317.0
008 111014s2002 viesd
020 |c 21000đ 
041 0 |a vie 
082 |a 530.12076  |b HO-D 
100 0 |a Hoàng Dũng 
245 0 |a Bài tập cơ học lượng tử  |c Hoàng Dũng 
260 |a Tp.Hồ Chí Minh  |b Đại học Quốc gia Tp. Hồ Chí Minh  |c 2002 
300 |a 392tr.  |c 21cm 
600 |a Hoàng Dũng 
653 |a Cơ học lượng tử 
910 |a may  |d 14/10/2011 
OWN |a LSP 
AVA |a UDN50  |b LSP  |d 530.12076 HO-D  |e available  |t Error 5001 Not defined in file expand_doc_bib_avail.  |f 5  |g 0  |h N  |i 0  |k 1 
999 |a From the UDN01 
AVA |a UDN50  |b LSP  |d 530.12076 HO-D  |e available  |t Error 5001 Not defined in file expand_doc_bib_avail.  |f 5  |g 0  |h N  |i 0  |k 1 
TYP |a Monograph 
TYP |a Printed language 
980 |a Mạng thư viện Đại học Đà Nẵng